000 00197 a2200097 4500
020 _a9780345363008
041 _aeng
100 _aTerry Brooks
245 _athe Talismans of Shannara
942 _cBK
999 _c30063
_d30061